| 000 | 00663nam a22002177a 4500 | ||
|---|---|---|---|
| 999 |
_c183688 _d183688 |
||
| 005 | 20211231115053.0 | ||
| 010 | _aENG-130836 | ||
| 020 |
_a978-81-8180-424-2 _c150.00 |
||
| 035 | _aEN-114368 | ||
| 037 | _bDBAD | ||
| 082 | _a500.2 | ||
| 100 | _aAli, Sunkesula Mahamad | ||
| 245 |
_aPedagogy of Physical Sciences: _cSunkesula Mahamad Ali, Muttu Vemula, Aderla Karunakar Reddy, G. Kumar _bGurukul Mains/ |
||
| 260 |
_aHyderabad _bTelugu Akademi _c2017 |
||
| 270 |
_bHyderabad _e500029 |
||
| 300 |
_a385p _c27cm(pbk) |
||
| 700 | _aVemula, Muttu | ||
| 700 | _aReddy, Aderla Karunakar | ||
| 700 | _aKumar, G | ||
| 942 |
_2ddc _cEN _h500.2 _mALI |
||